9 asedios a García Márquez (Record no. 208108)

MARC details
000 -CABECERA
campo de control de longitud fija 01641cam a22002771 4500
001 - NÚMERO DE CONTROL
campo de control 8502658
005 - FECHA Y HORA DE LA ÚLTIMA TRANSACCIÓN
campo de control 20210623115710.0
008 - ELEMENTOS DE LONGITUD FIJA--INFORMACIÓN GENERAL
campo de control de longitud fija 840515s1969 cl 000 0 eng
035 ## - NÚMERO DE CONTROL DEL SISTEMA
Número de control de sistema (OCoLC)10735751
040 ## - FUENTE DE LA CATALOGACIÓN
Centro catalogador/agencia de origen DLC
Centro/agencia transcriptor KWiU
Centro/agencia modificador OGK
-- OCoLC
-- DLC
Lengua de catalogación spa
050 00 - SIGNATURA TOPOGRÁFICA DE LA BIBLIOTECA DEL CONGRESO
Número de clasificación PQ8180.17.A73
Número de documento/Ítem Z79
245 00 - MENCIÓN DE TÍTULO
Título 9 asedios a García Márquez
Mención de responsabilidad, etc. [por] Benedetti [et al]
246 3# - FORMA VARIANTE DE TÍTULO
Título propio/Titulo breve Nueve asedios a García Márquez
250 ## - MENCIÓN DE EDICIÓN
Mención de edición 4 ed.
260 ## - PUBLICACIÓN, DISTRIBUCIÓN, ETC.
Lugar de publicación, distribución, etc. Santiago de Chile
Nombre del editor, distribuidor, etc. Editorial Universitaria
Fecha de publicación, distribución, etc. [1969]
300 ## - DESCRIPCIÓN FÍSICA
Extensión 181 p.
Dimensiones 19 cm.
Material acompañante/anejo 1 DVD
490 0# - MENCIÓN DE SERIE
Mención de serie Colección Letras de America,
Designación de volumen o secuencia no. 20
500 ## - NOTA GENERAL
Nota general Portada con líneas diagonales verdes y numero 9 al centro del titulo
501 ## - NOTA DE "CON"
Nota de “Con” Incluye DVD
505 0# - NOTA DE CONTENIDO CON FORMATO PREESTABLECIDO
Nota de contenido con formato Gabriel García Márquez o la vigilia dentro del sueño, por M. Benedetti.--Gabriel García Márquez, un gran novelista latinoamericano, por E. Carballo.--La tragedia como fundamento estructural de La hojarasca, por P. Lastra.--Gabriel García Márquez, narrador colombiano, por J. Loveluck.--Gabriel García Márquez: Cien años de soledad, por J. Ortega.--Macondo: un territorio mágico y americano, por J. M. Oviedo.--Un novelista de la violencia americana, por A. Rama.--García Márquez: de Aracataca a Macondo, por M. Vargas Llosa.--Gabriel García Márquez o el trópico desembrujado, por E. Volkening.--A propósito de La mala hora, por E. Volkening.--Contribución a la bibliografía de Gabriel García Márquez.
600 10 - ASIENTO SECUNDARIO DE MATERIA - NOMBRE PERSONAL
Nombre de persona García Márquez, Gabriel,
Fechas asociadas al nombre 1927-2014.
650 ## - ASIENTO SECUNDARIO DE MATERIA - TERMINO TEMATICO
Fuente del encabezamiento o término REALISMO MAGICO
651 ## - ASIENTO SECUNDARIO DE MATERIA - NOMBRE GEOGRAFICO
Fuente del encabezamiento o término CARTAGENA DE INDIAS, COLOMBIA
700 1# - ASIENTO SECUNDARIO--NOMBRE DE PERSONAL
Nombre de persona Benedetti, Mario,
Fechas asociadas al nombre 1920-2009.
942 ## - ELEMENTOS DE PUNTO DE ACCESO ADICIONAL (KOHA)
Fuente del sistema de clasificación o colocación Library of Congress Classification
Tipo de ítem Koha Libro
Edición 4a ed.

No items available.